Database system concepts (Record no. 489)

000 -LEADER
fixed length control field 00571nam a22002297a 4500
001 - CONTROL NUMBER
control field 489
003 - CONTROL NUMBER IDENTIFIER
control field BD-DhUET
008 - FIXED-LENGTH DATA ELEMENTS--GENERAL INFORMATION
fixed length control field 140722b xxu||||| |||| 00| 0 eng d
020 ## - INTERNATIONAL STANDARD BOOK NUMBER
International Standard Book Number 007124476X
040 ## - CATALOGING SOURCE
Transcribing agency 0
Modifying agency BD-DhUET
082 ## - DEWEY DECIMAL CLASSIFICATION NUMBER
Classification number 005.74
Item number SIL/2006
100 ## - MAIN ENTRY--PERSONAL NAME
Personal name Silberschatz, Abraham
245 ## - TITLE STATEMENT
Title Database system concepts
250 ## - EDITION STATEMENT
Edition statement 5th ed.
260 ## - PUBLICATION, DISTRIBUTION, ETC. (IMPRINT)
Place of publication, distribution, etc. Boston
Name of publisher, distributor, etc. McGraw-Hill
Date of publication, distribution, etc. 2006
300 ## - PHYSICAL DESCRIPTION
Extent xxvi,1142p.
Other physical details ill.
504 ## - BIBLIOGRAPHY, ETC. NOTE
Bibliography, etc Includes bibliographies
650 #0 - SUBJECT ADDED ENTRY--TOPICAL TERM
Topical term or geographic name as entry element Database management
700 ## - ADDED ENTRY--PERSONAL NAME
Personal name Korth, Henry F.
700 ## - ADDED ENTRY--PERSONAL NAME
Personal name Sudarshan, S.
942 ## - ADDED ENTRY ELEMENTS (KOHA)
Koha item type General Book
Holdings
Koha full call number Koha issues (times borrowed) Date acquired Withdrawn status Koha date last seen Price effective from Not for loan Koha item type Lost status Shelving location Location (home branch) Koha date last borrowed Koha normalized classification for sorting Sublocation or collection (holding branch) Koha renewals Damaged status Source of classification or shelving scheme Copy number Piece designation (barcode)
007.74/SIL/2006 2014-07-22 2014-07-222014-07-22 General Book Circulation sectionCentral Library, BUET 007_000000000000000_74SIL2006Central Library, BUET   1103320
007.74/SIL/2006 2014-07-22 2016-12-242014-07-22 General Book Circulation sectionCentral Library, BUET 007_000000000000000_74SIL2006Central Library, BUET2  2103321
005.74 SIL/2006 2014-08-25 2014-08-252014-08-25 General Book Circulation sectionCentral Library, BUET 005_740000000000000_SIL2006Central Library, BUET   3103322
005.74/SIL/200612014-08-25 2021-12-182014-08-25 General Book Circulation sectionCentral Library, BUET2021-12-04005_000000000000000_74SIL2006Central Library, BUET   4103323
005.74/SIL/2006 2014-08-25 2014-08-252014-08-25 General Book Circulation sectionCentral Library, BUET 005_000000000000000_74SIL2006Central Library, BUET   5103324
005.74/SIL/2006 2014-08-25 2014-08-252014-08-25 General Book Circulation sectionCentral Library, BUET 005_740000000000000_SIL_2006Central Library, BUET   6103325
005.74/SIL/200612014-08-25 2017-07-162014-08-25 General Book Circulation sectionCentral Library, BUET2017-07-01005_740000000000000_SIL_2006Central Library, BUET   7103326
005.74/SIL/2006 2014-08-25 2014-08-252014-08-25 General Book Circulation sectionCentral Library, BUET 005_000000000000000_74SIL2006Central Library, BUET   8103327
005.74/SIL/2006 2014-08-25 2014-08-252014-08-25 General Book Circulation sectionCentral Library, BUET 005_000000000000000_74SIL2006Central Library, BUET   9103328
005.74/SIL/2006 2014-08-25 2014-08-252014-08-25 General Book Circulation sectionCentral Library, BUET 005_000000000000000_74SIL2006Central Library, BUET   10103329
005.74/SIL/2006 2015-06-09 2015-06-092015-06-09 Reading Item Reading sectionCentral Library, BUET 005_740000000000000_SIL_2006Central Library, BUET   11102172
005.74/SIL/2006 2015-06-09 2015-06-092015-06-09 Reading Item Reading sectionCentral Library, BUET 005_740000000000000_SIL_2006Central Library, BUET   12102554